La Casa calenta i seca : Quinzena d'Art de Montesquiu, 1992 Quinzena d'Art de Montesquiu, 1992
ISBN:
84-7794-277-3
Descripción Física:
127 p. ; 18 cm
Colección:
Llibres de la Quinzena ; 4
Otros Autores:
Quinzena d'Art de Montesquiu (15a : 1992)
Materias:
Art -- Assaigs, conferències, etc.
MARC
| LEADER | 00000nam a2200000Ia 4500 | ||
|---|---|---|---|
| 001 | 10450 | ||
| 008 | 160829s1994 xx 000 0 cat d | ||
| 020 | |a 84-7794-277-3 | ||
| 080 | |a B-1-230 | ||
| 245 | |a La Casa calenta i seca : |b Quinzena d'Art de Montesquiu, 1992 | ||
| 260 | |a Barcelona : |b Institut d'Edicions de la Diputació de Barcelona, |c 1994 | ||
| 300 | |a 127 p. ; |c 18 cm | ||
| 490 | |a Llibres de la Quinzena ; 4 | ||
| 590 | |a Altre exemplar en llengua castellana: B-1-231 | ||
| 650 | |a Art |x Assaigs, conferències, etc. |9 26593 | ||
| 700 | |a Quinzena d'Art de Montesquiu (15a : 1992) |9 26594 | ||
| 710 | |a Barcelona (Catalunya : Província). |b Institut d'Edicions |9 53854 | ||
| 901 | |a Arxiu | ||
| 942 | |n 1 | ||
| 952 | |0 0 |1 0 |4 0 |6 B1230 |7 1 |9 44073 |a Arxiu |b Arxiu |d 2016-12-01 |l 0 |o B-1-230 |p 10450 |r 2016-12-01 00:00:00 |w 2016-12-01 |y ARXIU | ||
| 999 | |c 46653 |d 46653 | ||